|
|
|
|
| LEADER |
00000nam0a2200000 4500 |
| 001 |
319015 |
| 005 |
20231102003134.0 |
| 035 |
|
|
|a (RuTPU)RU\TPU\book\344520
|
| 035 |
|
|
|a RU\TPU\book\183812
|
| 035 |
|
|
|a RU\TPU\book\343053
|
| 090 |
|
|
|a 319015
|
| 100 |
|
|
|a 20091112d1969 k y0rusy50 ca
|
| 101 |
0 |
|
|a rus
|
| 102 |
|
|
|a KZ
|
| 105 |
|
|
|a a z 001zy
|
| 200 |
1 |
|
|a Комплексная переработка железных, марганцевых и хромитовых руд Казахстана
|e [сборник статей]
|f Академия наук Казахской ССР (АН КазССР), Химико-металлургический институт (ХМИ) ; отв. ред. В. К. Грузинов
|
| 210 |
|
|
|a Алма-Ата
|c Наука
|d 1969
|
| 215 |
|
|
|a 198 с.
|c ил.
|
| 225 |
1 |
|
|a Труды Химико-металлургического института
|v Т. 10
|
| 320 |
|
|
|a Библиогр. в конце ст.
|
| 606 |
1 |
|
|a Железные руды
|x Переработка
|2 stltpush
|3 (RuTPU)RU\TPU\subj\10504
|
| 606 |
1 |
|
|a Марганцевые руды
|x Переработка
|2 stltpush
|3 (RuTPU)RU\TPU\subj\41028
|9 60850
|
| 606 |
1 |
|
|a Хром
|x Металлургия
|2 stltpush
|3 (RuTPU)RU\TPU\subj\17610
|9 43216
|
| 610 |
1 |
|
|a шихта
|
| 610 |
1 |
|
|a присадки
|
| 610 |
1 |
|
|a агломерация
|
| 610 |
1 |
|
|a теплообменные процессы
|
| 610 |
1 |
|
|a восстановительные процессы
|
| 610 |
1 |
|
|a термодинамические условия
|
| 610 |
1 |
|
|a пириты
|
| 610 |
1 |
|
|a фазовый анализ
|
| 675 |
|
|
|a 669.162.12
|v 4
|
| 675 |
|
|
|a 669.74
|v 4
|
| 675 |
|
|
|a 669.26
|v 4
|
| 702 |
|
1 |
|a Грузинов
|b В. К.
|4 340
|
| 712 |
0 |
2 |
|a Академия наук Казахской ССР (АН КазССР)
|b Химико-металлургический институт (ХМИ)
|c (Караганда)
|2 stltpush
|3 (RuTPU)RU\TPU\col\7909
|
| 801 |
|
1 |
|a RU
|b 63413507
|c 20160516
|
| 801 |
|
2 |
|a RU
|b 63413507
|c 20190829
|g RCR
|
| 942 |
|
|
|c BK
|